000 01329cac a2200337 i 4500
003 EG-GICUC
005 20260203080333.0
008 941125s1995 enk frb 001 0 eng d
020 _a0198258747
_qcloth : acid-free paper
020 _a9780198258742
_q(cloth : acid-free paper)
040 _aDLC
_cDLC
_dDLC
_dEG-GICUC
_beng
_erda
050 0 0 _aK3238.31966
_b.C73 1995
082 0 0 _a341.48
_221
092 0 4 _221
099 _aLaw 11 1995
100 1 _aCraven, Matthew C. R.
245 1 4 _aThe international covenant on economic, social, and cultural rights :
_ba perspective on its development /
_cMatthew C.R. Craven.
264 _aOxford :
_aNew York :
_bClarendon Press ;
_bOxford University Press,
_c1995.
300 _axxix, 413 pages ;
_c25 cm.
336 _atext
_2rdacontent
337 _aComputer
_2rdamedia
338 _aOnline Resource
_2rdacarrier
440 0 _aOxford monographs in international law
504 _aIncludes bibliographical references (p. [384]-406) and index.
630 0 0 _aInternational Covenant on Economic, Social, and Cultural Rights
_d(1966)
650 0 _aHuman rights.
856 4 2 _uhttps://fll.law.cu.edu.eg/fulltext/bks/ENGB11-00109.pdf
856 4 2 _3Publisher description
_uhttp://www.loc.gov/catdir/enhancements/fy0637/94046610-d.html
905 _a10
942 _2ddc
_cBK
_e21
_n0
999 _c60412
_d60412